00357nam a2200121Ia 4500008004100000040001700041041001200058082002200070100003700092245004000129260005500169300001100224230917s9999||||xx |||||||||||||| ||und|| e166238aMAIN aEnglish a891.437731 TN155D aटण्डन, एन. आर. 0aदिमाग का बीमा aदिल्लीbआत्मारामc1961 a122 p.